[Event "WYCC U16 Open 2013"]
[Site "Al-Ain UAE"]
[Date "2013.12.18"]
[Round "1.24"]
[White "Valkama, Eero"]
[Black "Bellahcene, Bilel"]
[Result "0-1"]
[BlackTitle "FM"]
[WhiteElo "1960"]
[BlackElo "2311"]
[WhiteFideId "507555"]
[BlackFideId "696358"]
[EventDate "2013.12.18"]

1. e4 e6 2. d4 d5 3. Nd2 Be7 4. Bd3 c5 5. dxc5 a5 6. Ngf3 Nf6 7. O-O Na6 8. Bb5+
Bd7 9. Bxa6 Rxa6 10. e5 Ng8 11. c3 Bxc5 12. Nb3 Bb6 13. a4 Ne7 14. Re1 O-O 15.
Be3 f5 16. Nc5 Bxc5 17. Bxc5 f4 18. Nd4 Re8 19. b4 Ng6 20. Bd6 Ra8 21. f3 Rc8
22. Qb3 Rc4 23. bxa5 Qxa5 24. Qxb7 Qxc3 25. Qxd7 Qxd4+ 26. Kh1 Rcc8 27. a5 Nh4
28. Be7 Ng6 29. Bd6 Qf2 30. Qb5 Nh4 31. Qe2 Qa7 32. Qb5 Nf5 33. Rac1 Qe3 34. Bc5
Qd2 35. Rcd1 Qa2 36. Ra1 Qc4 37. Qxc4 dxc4 38. Bb6 Rc6 39. Rec1 c3 40. Bf2 Ra8
41. g3 Ne7 42. Ra3 fxg3 43. hxg3 Nd5 44. Bd4 c2 45. a6 Rcxa6 46. Rxa6 Rxa6 47.
Rxc2 g5 48. Kg2 Kf7 49. Rf2 Ra4 50. Bb2 h5 51. Bc1 Kg6 52. Rc2 Kf5 53. Rc8 Ra2+
54. Kg1 g4 55. Rf8+ Kxe5 56. fxg4 hxg4 57. Rg8 Ra1 58. Rc8 Ke4 59. Rc2 Ne3 60.
Rc6 Kf3 61. Kh2 Nf1+ 62. Kg1 Nxg3 63. Rc3+ Ke4 64. Kf2 Nf5 65. Bg5 g3+ 66. Kg2
Ra2+ 67. Kg1 Nd4 68. Re3+ Kf5 69. Be7 Kg4 70. Re4+ Kf3 71. Re1 Rg2+ 72. Kh1 Rh2+ 0-1

[Event "WYCC U16 Open 2013"]
[Site "Al-Ain UAE"]
[Date "2013.12.18"]
[Round "1.25"]
[White "Enkhnar, Enkhbaatar"]
[Black "Kalra, Agastya"]
[Result "1-0"]
[WhiteElo "2309"]
[BlackElo "1956"]
[WhiteFideId "4900324"]
[BlackFideId "2604744"]
[EventDate "2013.12.18"]

1. Nf3 Nf6 2. c4 c5 3. g3 d5 4. cxd5 Nxd5 5. Bg2 Nc6 6. d4 cxd4 7. Nxd4 Ndb4 8.
Nxc6 Qxd1+ 9. Kxd1 Nxc6 10. Nc3 Bg4 11. Be3 O-O-O+ 12. Ke1 Kb8 13. Nb5 e5 14.
Bxc6 Bb4+ 15. Nc3 bxc6 16. Rc1 Be6 17. a3 Ba5 18. f3 Bxc3+ 19. Rxc3 Bd5 20. Kf2
e4 21. b4 Rd7 22. Rd1 exf3 23. exf3 Rhd8 24. Rc5 Be6 25. Rxd7 Bxd7 26. Ra5 Be6
27. Bxa7+ Kb7 28. Be3 Ra8 29. Rxa8 Kxa8 30. Ke2 h5 31. Bd4 g6 32. Ke3 Kb7 33.
Kf4 Bd5 34. Bc5 Ka6 35. a4 Bb3 36. a5 Bd5 37. g4 Kb5 38. Kg3 Ka6 39. f4 hxg4 40.
Kxg4 Be6+ 41. Kg5 Bf5 42. h4 Be6 43. f5 Bxf5 44. h5 1-0

[Event "WYCC U16 Open 2013"]
[Site "Al-Ain UAE"]
[Date "2013.12.18"]
[Round "1.26"]
[White "Lopatik, Nikita"]
[Black "Basso, Pier Luigi"]
[Result "0-1"]
[WhiteElo "1956"]
[BlackElo "2303"]
[WhiteFideId "13504150"]
[BlackFideId "866970"]
[EventDate "2013.12.18"]

1. e4 d6 2. d4 Nf6 3. Nc3 g6 4. g3 Bg7 5. Bg2 O-O 6. Nge2 c6 7. a4 Nbd7 8. h3 e5
9. O-O Re8 10. Re1 exd4 11. Nxd4 Nc5 12. g4 h5 13. g5 Nh7 14. f4 d5 15. e5 Ne6
16. Nce2 Nexg5 17. fxg5 Nxg5 18. Bxg5 Qxg5 19. Nf3 Qe3+ 20. Kh2 Bxe5+ 21. Nxe5
Qxe5+ 22. Ng3 Qxe1 23. Qxe1 Rxe1 24. Rxe1 Be6 25. Ne2 Re8 26. Nd4 Bd7 27. Rxe8+
Bxe8 28. Kg3 Kf8 29. Kf4 f6 30. Bf1 Ke7 31. Bd3 c5 32. Nb5 c4 33. Be2 a6 34. Nc3
Kd6 35. b4 cxb3 36. cxb3 Kc5 37. Bf3 Bc6 38. h4 g5+ 39. hxg5 fxg5+ 40. Ke5 g4
41. Bxd5 Bxd5 42. Nxd5 g3 43. b4+ Kc4 44. b5 axb5 45. axb5 Kxb5 46. Ne3 h4 47.
Kf4 g2 0-1

[Event "WYCC U16 Open 2013"]
[Site "Al-Ain UAE"]
[Date "2013.12.18"]
[Round "1.27"]
[White "Stathopoulos, Ioannis"]
[Black "Dixit, Kumar"]
[Result "1-0"]
[WhiteTitle "FM"]
[WhiteElo "2297"]
[BlackElo "1951"]
[WhiteFideId "4223098"]
[BlackFideId "421103"]
[EventDate "2013.12.18"]

1. d4 d5 2. c4 c6 3. Nf3 Nf6 4. Nc3 e6 5. e3 Nbd7 6. Bd3 Bd6 7. O-O O-O 8. e4
dxe4 9. Nxe4 Nxe4 10. Bxe4 Nf6 11. Bg5 h6 12. Bxf6 Qxf6 13. c5 Bc7 14. Qe2 Re8
15. Ne5 Rd8 16. Rad1 Rxd4 17. Rxd4 Bxe5 18. Rd3 Bd4 19. Rxd4 Qxd4 20. Rd1 Qf6
21. Qd2 Kf8 22. Qa5 Ke8 23. Qc7 Qe7 24. Bxc6+ 1-0

[Event "WYCC U16 Open 2013"]
[Site "Al-Ain UAE"]
[Date "2013.12.18"]
[Round "1.28"]
[White "Darling, Simeon C."]
[Black "Kourkoulos-Arditis, Stamatis"]
[Result "0-1"]
[WhiteTitle "CM"]
[WhiteElo "1928"]
[BlackElo "2297"]
[WhiteFideId "14305356"]
[BlackFideId "4221990"]
[EventDate "2013.12.18"]

1. e4 c5 2. Nf3 e6 3. d4 cxd4 4. Nxd4 Nc6 5. Nc3 Qc7 6. Be2 a6 7. O-O Nf6 8. Be3
Be7 9. a4 O-O 10. Kh1 d6 11. Nb3 b6 12. f4 Bb7 13. Bf3 Rac8 14. g4 d5 15. exd5
Nxd5 16. Nxd5 exd5 17. c3 Rfe8 18. Qd2 Bd6 19. Rae1 d4 20. Nxd4 Nxd4 21. Bxd4
Bxf3+ 22. Rxf3 Qc6 23. Rxe8+ Rxe8 24. Kg2 Bc7 25. Kg3 Qe4 26. h4 h6 27. Kg2 Qe6
28. Kg3 Qe4 29. Kg2 Qg6 30. Kh3 Re4 31. Qf2 Qe6 32. Re3 Bxf4 33. Rxe4 Qxe4 34.
Qf1 g5 35. hxg5 hxg5 36. b4 b5 37. a5 Bb8 38. Bc5 f5 39. gxf5 Qh4+ 0-1

[Event "WYCC U16 Open 2013"]
[Site "Al-Ain UAE"]
[Date "2013.12.18"]
[Round "1.29"]
[White "Petrosyan, Manuel"]
[Black "Mezhlumyan, Marat"]
[Result "0-1"]
[WhiteTitle "CM"]
[WhiteElo "2294"]
[BlackElo "1927"]
[WhiteFideId "13300857"]
[BlackFideId "13302973"]
[EventDate "2013.12.18"]

1. c4 Nf6 2. Nc3 d5 3. cxd5 Nxd5 4. Nf3 g6 5. Qa4+ c6 6. Nxd5 Qxd5 7. e4 Qd8 8.
d4 Bg7 9. Be2 O-O 10. O-O Nd7 11. h3 e5 12. Be3 exd4 13. Bxd4 Re8 14. Bxg7 Kxg7
15. Qc2 Qe7 16. Nd2 Nf6 17. Rfe1 Be6 18. Bf1 Rad8 19. a3 b6 20. e5 Nd7 21. b4 c5
22. b5 Nf8 23. Qc3 Bd5 24. Nc4 Bxc4 25. Bxc4 Ne6 26. Re3 Rd4 27. g3 Red8 28. Be2
Nc7 29. Qc2 Nd5 30. Re4 Rxe4 31. Qxe4 Nc3 32. Qe3 Nxe2+ 33. Qxe2 Qe6 34. Kh2 c4
35. Rc1 Rc8 36. Rc3 Rc5 37. a4 Qd5 38. h4 Qd4 39. Qe1 h5 40. Re3 c3 41. e6 c2
42. exf7 c1=Q 43. Rf3 Qd6 44. Qe6 Qf8 45. Rf6 Qb1 46. Qe8 Rf5 0-1

[Event "WYCC U16 Open 2013"]
[Site "Al-Ain UAE"]
[Date "2013.12.18"]
[Round "1.30"]
[White "Nikolov, Rumen"]
[Black "Dale, Ari"]
[Result "1-0"]
[BlackTitle "IM"]
[WhiteElo "2023"]
[BlackElo "2289"]
[WhiteFideId "2911620"]
[BlackFideId "3213145"]
[EventDate "2013.12.18"]

1. e4 c5 2. Nf3 e6 3. d3 Nc6 4. g3 d6 5. Bg2 g6 6. Be3 Bg7 7. Nc3 Nge7 8. Qd2
Nd4 9. O-O-O h6 10. Ne2 Nec6 11. c3 Nxe2+ 12. Qxe2 Qa5 13. Kb1 b5 14. e5 b4 15.
Nd4 Nxd4 16. cxd4 Rb8 17. dxc5 dxe5 18. Bc6+ Kf8 19. Bg2 Kg8 20. f4 exf4 21.
Bxf4 e5 22. Bxe5 Be6 23. b3 Qxc5 24. d4 Qe7 25. Kb2 Bf5 26. Rhe1 Rc8 27. Rd2 f6
28. Bf4 Qd8 29. g4 Rc2+ 30. Rxc2 Qxd4+ 31. Kb1 Bd3 32. Qf3 Qc3 33. Re2 f5 34.
Kc1 Qa1+ 35. Kd2 Bxc2 36. Re8+ Kh7 37. Rxh8+ Kxh8 38. Kxc2 fxg4 39. Qd5 Qxa2+
40. Kd1 Qa1+ 41. Ke2 Qa6+ 42. Kf2 Qf6 43. Ke3 Kh7 44. Be4 a5 45. Qc6 Qf7 46. Bd5
Bd4+ 47. Kxd4 Qxf4+ 48. Kc5 h5 49. Be4 Qg5+ 50. Kb6 h4 51. Bd5 Qd8+ 52. Kb5 g3
53. hxg3 hxg3 54. Qe6 Qc7 55. Be4 Qg7 56. Qh3+ Qh6 57. Qxh6+ Kxh6 58. Kxa5 Kg5
59. Kxb4 Kf4 60. Bh1 Ke3 61. Kc4 g5 62. b4 g4 63. b5 Kf2 64. b6 g2 65. Bxg2 Kxg2
66. b7 g3 67. b8=Q Kh1 68. Qh8+ Kg1 69. Qd4+ Kh1 70. Qh4+ Kg2 71. Kd3 1-0

[Event "WYCC U16 Open 2013"]
[Site "Al-Ain UAE"]
[Date "2013.12.18"]
[Round "1.31"]
[White "Lamard, Guillaume"]
[Black "Shavdirov, Jahongir"]
[Result "1-0"]
[WhiteTitle "FM"]
[WhiteElo "2288"]
[BlackElo "1922"]
[WhiteFideId "600261"]
[BlackFideId "14204193"]
[EventDate "2013.12.18"]

1. c4 c5 2. Nf3 Nf6 3. Nc3 Nc6 4. d4 cxd4 5. Nxd4 e6 6. a3 Bc5 7. Nb3 Be7 8. e4
d6 9. Be2 O-O 10. O-O a6 11. Be3 Qc7 12. Rc1 Bd7 13. f4 h6 14. Qd3 Rac8 15. Nd2
Nb8 16. b4 b6 17. Qd4 Bd8 18. Nb3 Ne8 19. Qd2 Bc6 20. Nd4 Bb7 21. f5 Qe7 22.
fxe6 fxe6 23. Bg4 Rxf1+ 24. Rxf1 Nc7 25. Bxh6 Qh4 26. Bxe6+ Nxe6 27. Nxe6 gxh6
28. Rf8+ Kh7 29. Rf7+ Kg8 30. Rxb7 Bf6 31. Nd5 Re8 32. g3 1-0

[Event "WYCC U16 Open 2013"]
[Site "Al-Ain UAE"]
[Date "2013.12.18"]
[Round "1.32"]
[White "Hui, Jeremy"]
[Black "Stremavicius, Titas"]
[Result "0-1"]
[WhiteElo "1914"]
[BlackElo "2279"]
[WhiteFideId "2608987"]
[BlackFideId "12804444"]
[EventDate "2013.12.18"]

1. e4 c5 2. Nf3 Nc6 3. Bb5 g6 4. Bxc6 bxc6 5. d3 Bg7 6. O-O d6 7. h3 Nh6 8. Re1
O-O 9. c3 f6 10. Be3 Nf7 11. Nbd2 e5 12. b4 f5 13. Nb3 cxb4 14. cxb4 g5 15. exf5
Bxf5 16. Qd2 h6 17. Rac1 Qd7 18. d4 e4 19. Nh2 Be6 20. Na5 Bd5 21. Nf1 Nd8 22.
Rc3 Nb7 23. Ra3 Nxa5 24. Rxa5 Qf7 25. Ng3 Rfe8 26. Rc1 Rab8 27. Ne2 Rb5 28. Rxb5
cxb5 29. Nc3 Bc4 30. a3 d5 31. Ra1 Qf6 32. a4 a6 33. axb5 axb5 34. Ra5 Bf8 35.
Qb2 Qd6 36. Nxb5 Qxb4 37. Qxb4 Bxb4 38. Ra4 Bf8 39. Nc3 Rc8 40. Ra7 Rc6 41. Rd7
Rd6 42. Rc7 Re6 43. Rd7 Bd6 44. Na4 Bb5 45. Rd8+ Kf7 46. Nc5 Rg6 47. Bd2 Ke7 48.
Ra8 Bxc5 49. dxc5 d4 50. Ra7+ Ke6 51. Ra5 Bc6 52. Ra1 Kd5 53. Rc1 Rg7 54. Kf1 h5
55. Bb4 g4 56. hxg4 hxg4 57. g3 Rh7 58. Ba3 Bb5+ 59. Kg2 Be2 60. f3 Bxf3+ 61.
Kf2 e3+ 0-1

[Event "WYCC U16 Open 2013"]
[Site "Al-Ain UAE"]
[Date "2013.12.18"]
[Round "1.33"]
[White "Carneiro, Vitor Roberto Castro"]
[Black "Sultan, Ibrahim"]
[Result "1/2-1/2"]
[WhiteTitle "CM"]
[WhiteElo "2277"]
[BlackElo "1954"]
[WhiteFideId "2130106"]
[BlackFideId "9301143"]
[EventDate "2013.12.18"]

1. c4 e6 2. g3 d5 3. Bg2 c6 4. Nf3 Nf6 5. O-O dxc4 6. a4 a5 7. Na3 Bxa3 8. bxa3
O-O 9. Qc2 b5 10. Rb1 Ba6 11. Ng5 h6 12. axb5 Bxb5 13. Nxe6 fxe6 14. Rxb5 cxb5
15. Bxa8 Nd5 16. d3 Nd7 17. Bc6 cxd3 18. Qxd3 Qc7 19. Bxd5 exd5 20. Qxd5+ Kh8
21. Qxb5 Nf6 22. Bf4 Qe7 23. Qxa5 Qxe2 24. Re1 Qf3 25. Re3 Qd1+ 26. Qe1 Qh5 27.
Re5 g5 28. h4 Rf7 29. hxg5 hxg5 30. Rxg5 Qf3 31. Be5 Kh7 32. Bxf6 Rxf6 33. Qe7+
Rf7 34. Qc5 1/2-1/2

[Event "WYCC U16 Open 2013"]
[Site "Al-Ain UAE"]
[Date "2013.12.18"]
[Round "1.34"]
[White "Ostapchik, Anton"]
[Black "Brown, Michael William"]
[Result "0-1"]
[WhiteElo "1897"]
[BlackElo "2272"]
[WhiteFideId "13509705"]
[BlackFideId "2037602"]
[EventDate "2013.12.18"]

1. e4 e5 2. Nf3 Nc6 3. Bb5 a6 4. Bxc6 dxc6 5. O-O f6 6. d4 exd4 7. Nxd4 c5 8.
Nb3 Qxd1 9. Rxd1 Bg4 10. f3 Be6 11. Be3 b6 12. Nc3 Bd6 13. a4 Kf7 14. a5 c4 15.
Nd4 b5 16. f4 Bg4 17. Rd2 b4 18. Nd5 Re8 19. c3 Rxe4 20. cxb4 Ne7 21. Nxe7 Rxe3
22. Nd5 Rd3 23. Rxd3 cxd3 24. h3 Be6 25. Nxe6 Kxe6 26. Ne3 Bxb4 27. Ra4 c5 28.
Kf2 Rd8 29. Ra1 Rd4 30. g3 f5 31. Kf3 d2 32. Ke2 Re4 33. Kf3 c4 34. Rd1 g6 35.
g4 Bxa5 36. gxf5+ gxf5 37. Nc2 Re1 38. Ne3 c3 39. bxc3 Bxc3 0-1

[Event "WYCC U16 Open 2013"]
[Site "Al-Ain UAE"]
[Date "2013.12.18"]
[Round "1.35"]
[White "Juhasz, Armin"]
[Black "Ouaret, Abdelouhab"]
[Result "1-0"]
[BlackTitle "FM"]
[WhiteElo "2272"]
[BlackElo "1868"]
[WhiteFideId "724270"]
[BlackFideId "7903944"]
[EventDate "2013.12.18"]

1. d4 d5 2. c4 c6 3. Nf3 Nf6 4. Nc3 e6 5. Bg5 Nbd7 6. e3 Be7 7. Bd3 O-O 8. O-O
h6 9. Bh4 c5 10. cxd5 Nxd5 11. Bxe7 Nxe7 12. Qe2 cxd4 13. Nxd4 Ne5 14. Be4 Qb6
15. a4 N5c6 16. Ndb5 a6 17. Na3 e5 18. Nc4 Qc7 19. Bxc6 Nxc6 20. Nd5 Qd8 21.
Rfd1 Rb8 22. Nb4 Qc7 23. Nxc6 bxc6 24. Rd2 Be6 25. a5 Rb5 26. Nb6 Qe7 27. Rc2
Rd8 28. Qe1 c5 29. Qc3 Qd6 30. h3 e4 31. Nc4 Qd5 32. Rd2 Qg5 33. Rxd8+ Qxd8 34.
Na3 Qxa5 35. Qe5 c4 36. Qd4 Rb3 37. Rc1 Qb6 38. Qxe4 1-0

[Event "WYCC U16 Open 2013"]
[Site "Al-Ain UAE"]
[Date "2013.12.18"]
[Round "1.36"]
[White "Valenzuela Martinez, Hermes"]
[Black "Bilguun, Sumiya"]
[Result "0-1"]
[WhiteTitle "CM"]
[BlackTitle "FM"]
[WhiteElo "1867"]
[BlackElo "2270"]
[WhiteFideId "5111919"]
[BlackFideId "4901541"]
[EventDate "2013.12.18"]

1. e4 c5 2. Nc3 e6 3. g3 Nc6 4. Bg2 g6 5. Nge2 Bg7 6. d3 Nge7 7. Be3 d6 8. O-O
O-O 9. d4 cxd4 10. Nxd4 a6 11. Nxc6 bxc6 12. Qd2 Qc7 13. Rfd1 Rd8 14. Na4 Rb8
15. Nb6 Rxb6 16. Bxb6 Qxb6 17. Rab1 d5 18. Qg5 Qc7 19. c3 e5 20. exd5 cxd5 21.
Qe3 Be6 22. Rbc1 Nf5 23. Qe2 Qb6 24. b3 h5 25. Bf1 Rd6 26. Bg2 Qc5 27. Kh1 e4
28. b4 Qc7 29. f3 Bh6 30. f4 Qb6 31. c4 dxc4 32. Qxe4 Qxb4 33. Qa8+ Kh7 34. Rb1
Rxd1+ 35. Rxd1 Ne3 36. Rg1 Qd2 37. Bf3 Ng4 0-1

[Event "WYCC U16 Open 2013"]
[Site "Al-Ain UAE"]
[Date "2013.12.18"]
[Round "1.37"]
[White "Salomon, Johan"]
[Black "Motovilnik, Jurij"]
[Result "1-0"]
[WhiteElo "2269"]
[BlackElo "1860"]
[WhiteFideId "1509500"]
[BlackFideId "13507273"]
[EventDate "2013.12.18"]

1. e4 c5 2. Nf3 e6 3. d4 cxd4 4. Nxd4 a6 5. Nc3 Qc7 6. g3 Nf6 7. Bg2 Nc6 8. O-O
Be7 9. Re1 O-O 10. Nxc6 dxc6 11. e5 Rd8 12. Bd2 Nd5 13. Qg4 Nxc3 14. Bxc3 b5 15.
a4 Bb7 16. Qe4 Rd7 17. Rad1 Rxd1 18. Rxd1 Rb8 19. Qe1 c5 20. Ba5 Qc8 21. Bxb7
Rxb7 22. Qe4 bxa4 23. Qxa4 Kf8 24. b3 Qe8 25. Qe4 Rd7 26. Rxd7 Qxd7 27. Qa8+ Qe8
28. Qxa6 Qb8 29. Qc6 g5 30. Bc7 Qc8 31. Qb6 Kg7 32. Bd6 Bd8 33. Qxc5 Qa6 34. Qe3
Qa1+ 35. Kg2 Qa8+ 36. Qf3 1-0

[Event "WYCC U16 Open 2013"]
[Site "Al-Ain UAE"]
[Date "2013.12.18"]
[Round "1.38"]
[White "Shumskis, Aleksandrs"]
[Black "Asgarizadeh, Ahmad"]
[Result "0-1"]
[WhiteElo "1849"]
[BlackElo "2267"]
[WhiteFideId "11602414"]
[BlackFideId "12505684"]
[EventDate "2013.12.18"]

1. d4 Nf6 2. c4 c5 3. d5 e6 4. Nc3 exd5 5. cxd5 d6 6. g3 g6 7. Bg2 Bg7 8. Nf3
O-O 9. O-O a6 10. a4 Nbd7 11. Nd2 Re8 12. Nc4 Ne5 13. Qb3 Nxc4 14. Qxc4 b5 15.
Qd3 b4 16. Ne4 Nxe4 17. Bxe4 a5 18. Bf3 Ba6 19. Qd1 c4 20. Re1 Rc8 21. Rb1 Qb6
22. e4 c3 23. bxc3 Rxc3 24. Bd2 Rd3 25. Re3 Bd4 26. Rxd3 Bxf2+ 27. Kg2 Bxd3 28.
Be1 Bxe1 29. Qxd3 Qf2+ 30. Kh1 f5 31. Qe2 Qxe2 32. Bxe2 Bc3 33. Kg2 Rxe4 34. Bf3
Rd4 35. h4 Rd2+ 36. Kh3 Be5 37. Rb3 Ra2 38. Bd1 Rxa4 39. g4 Ra2 0-1

[Event "WYCC U16 Open 2013"]
[Site "Al-Ain UAE"]
[Date "2013.12.18"]
[Round "1.39"]
[White "Reshef, Omer"]
[Black "Minald, Andrey"]
[Result "0-1"]
[WhiteElo "2253"]
[BlackElo "1848"]
[WhiteFideId "2804336"]
[BlackFideId "13506854"]
[EventDate "2013.12.18"]

1. e4 c5 2. Nf3 d6 3. d4 cxd4 4. Nxd4 Nf6 5. Nc3 a6 6. Be3 e5 7. Nf3 Be6 8. Ng5
Qd7 9. Nxe6 Qxe6 10. Be2 Be7 11. O-O O-O 12. Nd5 Nxd5 13. exd5 Qc8 14. c4 Nd7
15. b4 f5 16. f4 Bf6 17. Rc1 b6 18. g4 exf4 19. Bxf4 Be5 20. Bxe5 Nxe5 21. Qd4
Qd8 22. gxf5 Qg5+ 23. Kh1 Rxf5 24. Qxb6 Raf8 25. Qd4 Ng4 26. Rg1 Nf2+ 27. Qxf2
Qxc1 28. Qg3 Qh6 29. c5 Rf2 30. Bg4 Kh8 31. c6 Qd2 32. Be6 Qd4 33. Bh3 Qxd5+ 34.
Bg2 Qf5 35. c7 Qc2 36. Qxd6 Rxg2 37. Rxg2 Qb1+ 38. Rg1 Qe4+ 39. Rg2 Rf1# 0-1

[Event "WYCC U16 Open 2013"]
[Site "Al-Ain UAE"]
[Date "2013.12.18"]
[Round "1.40"]
[White "Li, Xiang Wei  William"]
[Black "Nuri, Murad"]
[Result "1-0"]
[WhiteElo "1846"]
[BlackElo "2250"]
[WhiteFideId "4303300"]
[BlackFideId "13404474"]
[EventDate "2013.12.18"]

1. e4 e6 2. d4 d5 3. exd5 exd5 4. c4 Nf6 5. Nc3 Bb4 6. Nf3 O-O 7. Bd3 dxc4 8.
Bxc4 Nc6 9. O-O Bg4 10. Be3 Re8 11. Re1 Bh5 12. a3 Bxc3 13. bxc3 Nd5 14. Rc1 Qd6
15. a4 Re7 16. Bd2 Rxe1+ 17. Bxe1 Nf4 18. Bd2 Ne7 19. Rb1 Nxg2 20. Kxg2 Qg6+ 21.
Bg5 Bxf3+ 22. Qxf3 Qxg5+ 23. Kh1 Rf8 24. Rxb7 Qc1+ 25. Kg2 Ng6 26. Qe3 Qd1 27.
Qg3 Qxa4 28. Qxc7 Nh4+ 29. Kh3 Nf3 30. Qxf7+ 1-0

[Event "WYCC U16 Open 2013"]
[Site "Al-Ain UAE"]
[Date "2013.12.18"]
[Round "1.41"]
[White "Volna, Lukas"]
[Black "Gireman, Ja"]
[Result "0-1"]
[WhiteElo "1833"]
[BlackElo "2248"]
[WhiteFideId "14928728"]
[BlackFideId "5043794"]
[EventDate "2013.12.18"]

1. d4 Nf6 2. Nf3 g6 3. Bf4 Bg7 4. h3 O-O 5. Nfd2 c5 6. e3 Nc6 7. c3 cxd4 8. exd4
d6 9. Be2 Re8 10. Nc4 Nd5 11. Bh2 e5 12. O-O e4 13. Nbd2 Bf8 14. Qb3 Qg5 15. Kh1
Nf4 16. Bxf4 Qxf4 17. Ne3 Ne7 18. Bc4 Rd8 19. Rad1 Bh6 20. Nd5 Nxd5 21. Bxd5 Re8
22. Rfe1 e3 23. fxe3 Rxe3 24. Rxe3 Qxe3 25. Bxf7+ Kh8 26. Nf1 Qf2 27. Bd5 Bf5
28. Qxb7 Rf8 29. Qb5 Bf4 30. Bf3 Bxh3 31. Qd3 Bf5 32. Qe2 Qh4+ 33. Kg1 g5 34.
Qf2 Qxf2+ 35. Kxf2 g4 36. Bd5 Bc2 37. Ra1 Bc1+ 38. Ke2 Bxb2 39. Re1 Re8+ 40. Ne3
Bxc3 41. Rc1 Bxd4 42. Rxc2 Rxe3+ 43. Kd2 Re5 44. Bb3 Bc5 45. Rc4 h5 46. Kd1 Kg7
47. Rf4 Kh6 48. Bc2 Kg5 49. Rf8 Kh4 50. Rf5 Rxf5 51. Bxf5 Kg3 52. Be4 Kf2 53.
Bg6 Kxg2 0-1

[Event "WYCC U16 Open 2013"]
[Site "Al-Ain UAE"]
[Date "2013.12.18"]
[Round "1.42"]
[White "Toma, Radu-Cristian"]
[Black "Yang, ching Wei, Austin"]
[Result "1-0"]
[WhiteElo "2245"]
[BlackElo "1824"]
[WhiteFideId "1217992"]
[BlackFideId "16300440"]
[EventDate "2013.12.18"]

1. Nf3 Nf6 2. c4 g6 3. g3 Bg7 4. Bg2 O-O 5. O-O d6 6. d4 Nc6 7. Nc3 e5 8. d5 Ne7
9. e4 Nd7 10. Ne1 f5 11. Nd3 b6 12. Qe2 Nc5 13. Nxc5 bxc5 14. Bh3 Kh8 15. Qc2
Ng8 16. a3 Bh6 17. b4 f4 18. Bxc8 Qxc8 19. f3 Rb8 20. bxc5 fxg3 21. hxg3 Bxc1
22. Raxc1 dxc5 23. Nb5 a6 24. Na7 Qh3 25. Qg2 Qxg2+ 26. Kxg2 Ne7 27. Rb1 g5 28.
Nc6 Nxc6 29. dxc6 Rxb1 30. Rxb1 Rf6 31. Rb8+ Kg7 32. Re8 Rxc6 33. Rxe5 h6 34.
Kh3 Kg6 35. f4 Kf6 36. Kg4 gxf4 37. gxf4 Kg6 38. f5+ Kf6 39. Rd5 Ke7 40. e5 a5
41. e6 Rd6 42. Rxd6 cxd6 43. Kh5 Kf6 44. Kxh6 d5 45. cxd5 c4 46. d6 c3 47. d7
Ke7 48. f6+ Kd8 1-0

[Event "WYCC U16 Open 2013"]
[Site "Al-Ain UAE"]
[Date "2013.12.18"]
[Round "1.43"]
[White "Berman, Jacob"]
[Black "Mousavi, Seyed Khalil"]
[Result "0-1"]
[BlackTitle "FM"]
[WhiteElo "1795"]
[BlackElo "2238"]
[WhiteFideId "2071010"]
[BlackFideId "12511099"]
[EventDate "2013.12.18"]

1. d4 d5 2. c4 e6 3. Nc3 c5 4. cxd5 cxd4 5. Qxd4 Nc6 6. Qd1 exd5 7. Qxd5 Bd7 8.
Bg5 Nf6 9. Qd2 h6 10. Qe3+ Be6 11. Rd1 Qe7 12. Bf4 Qb4 13. Rd2 Bc5 14. Qg3 Nh5
15. Qf3 Qxf4 16. Qxf4 Nxf4 17. e3 Ng6 18. Nf3 O-O 19. Bd3 Nge5 20. Be2 Nxf3+ 21.
Bxf3 Rad8 22. b3 Bb4 23. Rc2 Rd3 24. a3 Rxc3 0-1

[Event "WYCC U16 Open 2013"]
[Site "Al-Ain UAE"]
[Date "2013.12.18"]
[Round "1.44"]
[White "Liu, Andrew"]
[Black "Rimawy, Hosam"]
[Result "1-0"]
[WhiteElo "2236"]
[BlackElo "1781"]
[WhiteFideId "2071150"]
[BlackFideId "8103798"]
[EventDate "2013.12.18"]

1. d4 b5 2. e4 Bb7 3. f3 a6 4. a4 b4 5. Nd2 e6 6. Nb3 Nf6 7. Be3 d5 8. e5 Nfd7
9. f4 Qc8 10. Nf3 c5 11. g4 c4 12. Nc1 g6 13. f5 Be7 14. fxe6 fxe6 15. Ng5 h6
16. Nf3 Nc6 17. Ne2 a5 18. Qc1 h5 19. gxh5 gxh5 20. Bg5 Qd8 21. Bh3 Rf8 22. Bxe7
Qxe7 23. Ng5 Rg8 24. Rg1 Nf8 25. Qe3 O-O-O 26. O-O-O Kb8 27. Rdf1 Bc8 28. Rf6
Qe8 29. Nf7 Rxg1+ 30. Qxg1 Rd7 31. Nd6 Qe7 32. Qf2 Rd8 33. Qf4 Qg7 34. Nxc8 Rxc8
35. Bxe6 Nxe6 36. Rxe6 Rf8 37. Rf6 Rc8 38. Qg3 Qa7 39. e6+ Ka8 40. Rf7 Qb6 41.
Qd6 Rd8 42. Rf8 Rxf8 43. Qxf8+ Kb7 44. e7 Nxd4 45. e8=Q Nxe2+ 46. Qxe2 Qg1+ 47.
Qff1 Qg5+ 48. Kb1 1-0

[Event "WYCC U16 Open 2013"]
[Site "Al-Ain UAE"]
[Date "2013.12.18"]
[Round "1.45"]
[White "Dogan, Mire Deniz"]
[Black "Mosadeghpour, Masoud"]
[Result "1/2-1/2"]
[WhiteElo "1772"]
[BlackElo "2230"]
[WhiteFideId "6317456"]
[BlackFideId "12519278"]
[EventDate "2013.12.18"]

1. d4 Nf6 2. c4 g6 3. Nc3 d5 4. cxd5 Nxd5 5. e4 Nxc3 6. bxc3 Bg7 7. Bc4 c5 8.
Ne2 O-O 9. O-O Nc6 10. Be3 Qc7 11. Qc2 Na5 12. Bb3 Nxb3 13. Qxb3 cxd4 14. cxd4
Be6 15. d5 Bxa1 16. Rxa1 Bd7 17. Rc1 Qa5 18. Qxb7 Rac8 19. h3 Qb5 20. Qxa7 Ra8
21. Nc3 Rxa7 22. Nxb5 Rxa2 23. Na7 e6 24. Rc7 Rd8 25. Rb7 Kf8 26. Bc5+ Ke8 27.
Nb5 Rc8 1/2-1/2

[Event "WYCC U16 Open 2013"]
[Site "Al-Ain UAE"]
[Date "2013.12.18"]
[Round "1.46"]
[White "Hua, David A"]
[Black "Abbas, Hussein kzar"]
[Result "1-0"]
[WhiteElo "2229"]
[BlackElo "1754"]
[WhiteFideId "2030047"]
[BlackFideId "4804937"]
[EventDate "2013.12.18"]

1. e4 d6 2. d4 Nf6 3. Nc3 g6 4. h3 Bg7 5. g4 c6 6. a4 Na6 7. Bg2 Qa5 8. Ne2 e5
9. f4 h6 10. O-O Nd7 11. Be3 f6 12. Qd2 Qd8 13. Ng3 Nb6 14. b3 Qe7 15. dxe5 dxe5
16. f5 g5 17. a5 Nd7 18. Rfd1 Nc7 19. Na4 O-O 20. Qf2 a6 21. Nb6 Nxb6 22. axb6
Nb5 23. Bc5 Qe8 24. Bxf8 Bxf8 25. Nh5 Be7 26. Bf1 Qf8 27. Bc4+ Kh8 28. Kg2 Nc3
29. Re1 Bc5 30. Qf3 Bd4 31. h4 gxh4 32. Rh1 Bd7 33. Rae1 c5 34. Rxh4 Rd8 35. Ng3
Kg7 36. Reh1 Qh8 37. g5 fxg5 38. Rxh6 1-0